Dimensió econòmica i territorial del Barcelonès / Enric Llarch (director), Xavier Sàez, Xavier Güell, ... [et al] ; amb assessorament d'Amadeu Petitbó i pròleg de Josep M. Bricall
Descripción Física:
2 v. : 689 p. ; 24 cm
Colección:
Col·lecció Catalunya comarcal
Otros Autores:
Llarch, Enric
,
Petitbó, Amadeu
,
Bricall, Josep M. (Josep Maria), 1936-
,
Güell, Xavier
,
Sáez, Xavier
Materias:
Barcelonès -- Condicions econòmiques
MARC
| LEADER | 00000nam a2200000Ia 4500 | ||
|---|---|---|---|
| 001 | 7563, 7564 | ||
| 008 | 160829s1987 xx 000 0 cat d | ||
| 080 | |a M-2-13, M-2-14 | ||
| 245 | |a Dimensió econòmica i territorial del Barcelonès / Enric Llarch (director), Xavier Sàez, Xavier Güell, ... [et al] ; amb assessorament d'Amadeu Petitbó i pròleg de Josep M. Bricall | ||
| 260 | |a Barcelona : |b Caixa d'Estalvis de Catalunya, |c 1987 | ||
| 300 | |a 2 v. : |b 689 p. ; |c 24 cm | ||
| 490 | |a Col·lecció Catalunya comarcal | ||
| 650 | |a Barcelonès |x Condicions econòmiques |9 27947 | ||
| 700 | |a Llarch, Enric |e director |9 34842 | ||
| 700 | |a Petitbó, Amadeu |e coordinador |9 27948 | ||
| 700 | 1 | |a Bricall, Josep M. |q (Josep Maria), |d 1936- |e autor del pròleg |9 32930 | |
| 700 | |a Güell, Xavier |9 27945 |e autor | ||
| 700 | |a Sáez, Xavier |e autor |9 18932 | ||
| 901 | |a Arxiu | ||
| 942 | |n 1 |2 udc | ||
| 952 | |0 0 |1 0 |4 0 |6 M213_M214 |7 1 |9 44612 |a Arxiu |b Arxiu |d 2016-12-01 |l 0 |o M-2-13, M-2-14 |p 7563, 7564 |r 2016-12-01 00:00:00 |w 2016-12-01 |y ARXIU | ||
| 999 | |c 47193 |d 47193 | ||